Catálogo

Vista normal Vista MARC

Entrada Personal Name

Número de registros utilizados en: 1

001 - CONTROL NUMBER

  • control field: 9488

003 - CONTROL NUMBER IDENTIFIER

  • control field: DLC

005 - DATE AND TIME OF LATEST TRANSACTION

  • control field: 20190612160927.0

008 - FIXED-LENGTH DATA ELEMENTS

  • fixed length control field: 961029n| acannaabn |n aaa c

010 ## - LIBRARY OF CONGRESS CONTROL NUMBER

  • LC control number: n 96105067

035 ## - SYSTEM CONTROL NUMBER

  • System control number: (OCoLC)oca04194772

040 ## - CATALOGING SOURCE

  • Original cataloging agency: Uk
  • Language of cataloging: spa
  • Transcribing agency: Mx-PuUPA
  • Modifying agency: DLC
  • Modifying agency: OkU
  • Modifying agency: Mx-PuUPA
  • Description conventions: rda

100 1# - HEADING--PERSONAL NAME

  • Personal name: Cooper, Alan,
  • Dates associated with a name: 1952-

372 ## - FIELD OF ACTIVITY

  • Field of activity: Interfaces con el usuario

374 ## - OCCUPATION

  • Occupation: autor
  • Occupation: inventor de software
  • Occupation: programador
  • Occupation: diseñador

375 ## - GENDER

  • Gender: hombre

377 ## - ASSOCIATED LANGUAGE

  • Language code: eng

670 ## - SOURCE DATA FOUND

  • Source citation: About face, c1995:
  • Information found: t.p. (Alan Cooper) p. 4 of cover (software designer; pres. Cooper Software Inc.)

670 ## - SOURCE DATA FOUND

  • Source citation: Author letter to British Library:
  • Information found: (Alan Martin Cooper; b. 03 June 1952)

670 ## - SOURCE DATA FOUND

  • Source citation: Cooper, Alan. About face 3, 2007:
  • Information found: eCIP t.p. (Alan Cooper) dv (b. June 13, 1952)

670 ## - SOURCE DATA FOUND

  • Source citation: The inmates are running the asylum, 1999:
  • Information found: t.p. (Alan Cooper) p. xvi (www.cooper.com)

670 ## - SOURCE DATA FOUND

  • Source citation: About Face 2.0: The essentials of interaction design, 2003:
  • Information found: portada (Alan Cooper)

670 ## - SOURCE DATA FOUND

  • Source citation: Biblioteca del congreso (Estados Unidos), 12 junio 2019:
  • Information found: catálogo electrónico
  • Uniform Resource Identifier: https://authorities.loc.gov/cgi-bin/Pwebrecon.cgi?AuthRecID=2715558&v1=1&HC=1&SEQ=20190612165635&PID=FJrMFun900pOj6zO-x6qdebQl-d